Kỹ năng bán hàng tuyệt đỉnh = Sell or be sold : Bí quyết sinh tồn trong ngành sell

Kỹ năng bán hàng tuyệt đỉnh sẽ cho bạn đọc biết được những quy tắc bán hàng, vốn là điều kiện tiên quyết để gặt hái thành công trong bất kỳ lĩnh vực nào, với bất kỳ ai, bất kỳ ở đâu.

Uloženo v:
Podrobná bibliografie
Hlavní autor: Cardone, Grant
Další autoři: Bùi Thị Ngọc Hương (Người dịch)
Médium: Kniha
Jazyk:Vietnamese
Vydáno: H. Thế giới 2018
Vydání:Tái bản lần thứ 1
Témata:
Tagy: Přidat tag
Žádné tagy, Buďte první, kdo otaguje tento záznam!
Thư viện lưu trữ: Thư viện Trường Đại học Nam Cần Thơ
LEADER 01214nam a22002177a 4500
001 NCT_51303
008 180921b xxu||||| |||| 00| 0 vie d
999 |c 2449  |d 2449 
020 |a 9786047745494  |c 99000 
082 0 4 |2 23rd ed.  |a 658.85  |b C681 
100 1 |a Cardone, Grant 
245 1 0 |a Kỹ năng bán hàng tuyệt đỉnh =  |b  Sell or be sold : Bí quyết sinh tồn trong ngành sell   |c Grant Cardone ; Bùi Thị Ngọc Hương (dịch) 
250 |a Tái bản lần thứ 1 
260 |a H.  |b Thế giới  |c 2018 
300 |a 293 tr.  |c 22cm 
520 3 |a Kỹ năng bán hàng tuyệt đỉnh sẽ cho bạn đọc biết được những quy tắc bán hàng, vốn là điều kiện tiên quyết để gặt hái thành công trong bất kỳ lĩnh vực nào, với bất kỳ ai, bất kỳ ở đâu. 
653 |a Quản trị kinh doanh 
700 1 |a Bùi Thị Ngọc Hương  |e Người dịch 
942 |2 ddc  |c BK 
952 |0 0  |1 0  |2 ddc  |4 0  |6 658_850000000000000_C681  |7 0  |9 14090  |a 000001  |b 000001  |d 2018-09-21  |o 658.85 C681  |p MD.13451  |r 2018-09-21  |v 99000.00  |w 2018-09-21  |y BK 
980 |a Thư viện Trường Đại học Nam Cần Thơ